00292nam a2200121Ia 4500008004100000041000900041082001800050100002400068245002800092260003400120300000800154650000800162230718s9999 xx 000 0 und d aEng. a291.84bKHA-T aKhan, Merni's Ahmad 4aThe Protection of women aPakistanbIman low bookc2008 a341 aLaw